000 00604nam a22002177a 4500
003 OSt
005 20241102120801.0
008 241102b |||||||| |||| 00| 0 eng d
020 _a1904627951
040 _cNLM
082 _aWO100 T737f 2006
100 _aTrinidad, Aaron; Ramachandran, Manoj
_919306
245 _aFast Track Surgery: Trauma, Orthopaedics and the Subspecialisties
260 _aCheshire; Pastest ltd, 2006
300 _aviii,334p; ill: 19cm
504 _aIndex included
650 _aSurgery
_9323
650 _aTrauma
_92825
650 _aOrthopaedics
_9923
942 _2z
_cO_SHELF
999 _c9467
_d9467